Library automation using Foxpro 2.0 / (Record no. 63563)

MARC details
000 -LEADER
fixed length control field 00558nam a22001697a 4500
005 - DATE AND TIME OF LATEST TRANSACTION
control field 2012022804574.0
020 ## - INTERNATIONAL STANDARD BOOK NUMBER
International Standard Book Number 8170002419
Terms of availability 350.00
035 ## - SYSTEM CONTROL NUMBER
System control number B-31070
037 ## - SOURCE OF ACQUISITION
Stock number DPL
Source of stock number/acquisition ENG
100 ## - MAIN ENTRY--PERSONAL NAME
Personal name S., Jagadeesha
245 ## - TITLE STATEMENT
Title Library automation using Foxpro 2.0 /
Statement of responsibility, etc by Jagadeesha S. and Mahesh V. Mudhol
250 ## - EDITION STATEMENT
Edition statement rpr. 1999
260 ## - PUBLICATION, DISTRIBUTION, ETC. (IMPRINT)
Place of publication, distribution, etc New Delhi
Name of publisher, distributor, etc Ess Ess Publications
Date of publication, distribution, etc 1999
300 ## - PHYSICAL DESCRIPTION
Extent 184p.
Dimensions 20 cms.
942 ## - ADDED ENTRY ELEMENTS (KOHA)
Source of classification or shelving scheme Dewey Decimal Classification
Item type English Books
Classification part 028
Call number suffix JAG
Holdings
Withdrawn status Lost status Not for loan Collection code Home library Current library Date acquired Cost, normal purchase price Full call number Barcode Cost, replacement price Koha item type
      Non-fiction Sarojini Nagar Sarojini Nagar 28/02/2012 350.00 028 JAG B-31070 350.00 English Books

© Delhi Public Library
Hit Counter
free hit counter